The development of the peripheral nervous system in the tilapia : Oreochromis mossambicus /
Saved in:
| 主要作者: | |
|---|---|
| 格式: | Thesis 圖書 |
| 語言: | English |
| 出版: |
1991.
|
| 主題: | |
| 標簽: |
添加標簽
沒有標簽, 成為第一個標記此記錄!
|
| LEADER | 00830cam a2200241 a 4500 | ||
|---|---|---|---|
| 001 | u307936 | ||
| 003 | SIRSI | ||
| 008 | 930204s1991 si v 00 1 eng | ||
| 035 | |a ABL-9556 | ||
| 040 | |a UMM | ||
| 090 | |a QL638 |b C55Lau | ||
| 100 | 1 | 0 | |a Laudel, Timothy P. |
| 245 | 1 | 4 | |a The development of the peripheral nervous system in the tilapia : |b Oreochromis mossambicus / |c by Timothy P. Laudel. |
| 260 | |c 1991. | ||
| 300 | |a vi, 133 leaves : |b col. ill. ; |c 30 cm. | ||
| 502 | |a Dissertation (M.Sc.) -- National University of Singapore, 1991. | ||
| 504 | |a Includes bibliographical references. | ||
| 650 | 0 | |a Tilapia |x Development. | |
| 650 | 0 | |a Tilapia |x Nervous system. | |
| 650 | 0 | |a Nerves, Peripheral. | |
| 948 | |a 04/02/1993 |b 06/09/2002 | ||
| 596 | |a 1 | ||
| 999 | |a QL638 C55LAU |w LC |c 1 |i A011194817 |l STACKS |m P01UTAMA |r Y |s Y |t TESIS |u 15/2/1993 | ||
